000 00404nam a22001697a 4500
003 MPLRDC
005 20220104144305.0
008 210129b ||||| |||| 00| 0 eng d
082 _a803.132 ZT 1967
100 _a陈涛主编
245 _a日汉辞典
_c
250 _a再版
260 _a
_b商务印书馆
_c1967
300 _b
650 _a日语--和汉辞典
942 _cBK
_o803.132 ZT 1967
999 _c48180
_d48170